| 000 | 00927nam a22002657a 4500 | ||
|---|---|---|---|
| 999 |
_c21164 _d21164 |
||
| 003 | AR-CdUCM | ||
| 008 | 190411b ||||| |||| 00| 0 spa d | ||
| 020 | _a9789972691843 | ||
| 040 |
_aMUNICIPALIDAD PROVINCIAL DEL CUSCO _cBIBLIOTECA MUNICIPAL DEL CUSCO |
||
| 082 |
_a498.563 / H72 _bH72 _2Tercera |
||
| 100 |
_aHornberger, Esteban _944211 |
||
| 245 |
_aDiccionario trilingüe Quechua de Cusco Qhiswa, English, Castellano / _cEsteban Hornberger S. Nancy H. Hornberger |
||
| 260 |
_aCusco : _bCentro Bartolomé de Las Casas, _c2008. |
||
| 300 |
_a278 páginas ; _c17 cm. |
||
| 440 |
_aMonumenta Lingüística _n10 _944212 |
||
| 505 | _aContenido: Diccionario | ||
| 650 |
_aLengua Quechua _944213 |
||
| 650 |
_aLengua española _91124 |
||
| 650 |
_aLengua inglesa _944214 |
||
| 650 |
_aDiccionarios _95105 |
||
| 650 |
_aCusco Perú _944215 |
||
| 700 |
_aHornberger, Nancy _944216 |
||
| 942 |
_2ddc _cLIBROS |
||
| 945 | _aRoel | ||